|
|
|
|
| LEADER |
00000cam a2200000 i 4500 |
| 001 |
1/85145 |
| 008 |
050912s1972 gr | ||| |||| ||gre|| |
| 035 |
|
|
|l 10080202
|
| 040 |
|
|
|a GR-MY-UA
|b gre
|e aacr
|
| 041 |
1 |
|
|a gre
|h ita
|
| 082 |
7 |
|
|a 370.91734
|2 (22)
|
| 110 |
2 |
|
|a Scuola di Barbiana.
|
| 245 |
1 |
0 |
|a Γράμμα σε μια δασκάλα :
|b απ' τα παιδιά του σχολείου της Μπαρμπιάνα /
|c Σχολείο της Μπαρμπιάνα (Φλωρεντία) ; μετάφραση απ' το πρωτότυπο: Αλβέρτος Ιωάννου ; συνεργασία: Βασιλική Γ. Μπάρλα.
|
| 260 |
|
|
|a Αθήνα :
|b [Φανάρι],
|c 1972.
|
| 300 |
|
|
|a 144 σ. ;
|c 21 εκ.
|
| 500 |
|
|
|a Μετάφραση του: Lettera a una professoressa
|
| 650 |
0 |
0 |
|a Italian letters.
|
| 650 |
0 |
0 |
|a Letters.
|
| 650 |
0 |
0 |
|a Education, Rural
|z Italy.
|
| 700 |
1 |
|
|a Ιωάννου, Αλβέρτος,
|e trl
|
| 852 |
|
|
|a INST
|b RHODES
|c KRI
|e 20050912
|h 370.91734 ΓΡΑ
|p 005400022371
|q 005400022371
|t BK
|y 0
|
| 901 |
|
|
|a BIBL4-2005-3
|
| 909 |
|
|
|a Ρ
|b 122365
|
| 970 |
|
|
|a ΚΟΖΑ
|b ΜΑΡΙΑ
|z 2005/09/12
|